Statistics for Taylor Swift 76

Click here to take the quiz!

General Stats

  • This quiz has been taken 14 times
    (5 since last reset)
  • The average score is 387 of 456

Answer Stats

Answer% Correct
a
100%
and
100%
but
100%
can
100%
couldn't
100%
do
100%
even
100%
eyes
100%
for
100%
gave
100%
get
100%
hear
100%
I
100%
I'm
100%
in
100%
is
100%
it
100%
like
100%
love
100%
many
100%
me
100%
my
100%
never
100%
no
100%
now
100%
of
100%
on
100%
see
100%
so
100%
the
100%
there
100%
thin
100%
things
100%
think
100%
this
100%
those
100%
time
100%
to
100%
took
100%
us
100%
we
100%
were
100%
what
100%
who
100%
with
100%
you
100%
your
100%
add
67%
all
67%
always
67%
am
67%
amount
67%
anymore
67%
arms
67%
around
67%
at
67%
balancing
67%
before
67%
bloody
67%
body
67%
branches
67%
breaking
67%
chances
67%
crown
67%
crying
67%
defending
67%
didn't
67%
door
67%
ending
67%
exile
67%
film
67%
five
67%
funny
67%
hall
67%
here
67%
he's
67%
his
67%
holding
67%
homeland
67%
honey
67%
hundredth
67%
injury
67%
insult
67%
I've
67%
joke's
67%
just
67%
knuckles
67%
laughing
67%
learned
67%
leave
67%
leaving
67%
line
67%
mind
67%
minutes
67%
not
67%
offending
67%
out
67%
pack
67%
problem
67%
read
67%
right
67%
second
67%
seeing
67%
seen
67%
side
67%
sign
67%
signs
67%
standing
67%
staring
67%
step
67%
third
67%
town
67%
turn
67%
turned
67%
understudy
67%
up
67%
very
67%
walked
67%
warning
67%
whole
67%
you'd
67%
you're
67%
'cause
33%
ooh
33%
times
0%

Score Distribution

Percentile by Number Answered

Percent of People with Each Score

Your Score History

You have not taken this quiz since the last reset